000
00361nam a2200133Ia 4500
008
230411s9999 xx 000 0 und d
041
_a
eng
082
_a
R/610.724/TAL/B01745
100
_a
Talbot Laura
_9
176983
245
_a
Principles and practice of nursing research
260
_b
Mosby
_a
St Louis
_c
1995
300
_a
700p
999
_c
152988
_d
152988